A STUDY on MIRABAIS STRUGGLE IN the SOCIETY Aand HER DEVOTION TOWARDS KRSNA: ITS RELEVANCE to GENDER... (Record no. 23162)

MARC details
000 -LEADER
fixed length control field 00390nam a22001217a 4500
082 ## - DEWEY DECIMAL CLASSIFICATION NUMBER
Classification number 294.5 SOL
100 ## - MAIN ENTRY--AUTHOR NAME
Author name Solomon, S
245 ## - TITLE STATEMENT
Title A STUDY on MIRABAIS STRUGGLE IN the SOCIETY Aand HER DEVOTION TOWARDS KRSNA: ITS RELEVANCE to GENDER...
260 ## - PUBLICATION, DISTRIBUTION, ETC. (IMPRINT)
Place of publication Henry Martyn Institute, Hyderabad
Name of publisher Henry Martyn Institute
Year of publication 2020
300 ## - PHYSICAL DESCRIPTION
Number of Pages 74
650 ## - SUBJECT ADDED ENTRY--TOPICAL TERM
Topical Term Hinduism-women and bhakti
942 ## - ADDED ENTRY ELEMENTS (KOHA)
Koha item type Thesis
Holdings
Collection code Home library Current library Shelving location Date acquired Source of acquisition Full call number Accession Number Koha item type
Reference Henry Martyn Institute Library Henry Martyn Institute Library Reference 10/18/2020 Solomon -Student 294.5 SOL 11-4492 Thesis
                   Copyright © 2026 | Henry Martyn Institute | Hyderabad | TS-500052 | INDIA | Implemented by hmi.edu.in
Hit-Count:

Powered by Koha